Statistics for Regions of Spain Flag Quiz

Click here to take the quiz!

General Stats

  • This quiz has been taken 406 times
  • The average score is 13 of 19

Answer Stats

Answer% Correct
Catalunya
91%
Basque Country
87%
Galicia
81%
Aragón
76%
Valencia
76%
Madrid
74%
The Canary Islands
72%
Asturias
70%
Andalucia
69%
Navarre
68%
La Rioja
66%
Extremadura
65%
Cantabria
61%
Ceuta
61%
Murcia
59%
The Balearic Islands
59%
Melilla
57%
Castilla La Mancha
54%
Castilla y León
51%

Score Distribution

Percentile by Number Answered

Percent of People with Each Score

Your Score History

You have not taken this quiz